|
|
|
|
| LEADER |
00686cam a2200181 7i4500 |
| 001 |
0000025438 |
| 005 |
20110324090000.0 |
| 020 |
0 |
0 |
|a 978-983-44243-0-5
|
| 090 |
0 |
0 |
|a M 338.7025
|b PRO
|
| 110 |
2 |
0 |
|a Professional Services Development Corporation (PSDC)
|
| 245 |
2 |
0 |
|a Doing business in the world :
|b a directory of Malaysia professional services providers.
|
| 250 |
0 |
0 |
|a 2nd ed..
|
| 260 |
0 |
0 |
|a Kuala Lumpur:
|b Professional Services Development Corporation(PSDC),
|c 2010.
|
| 300 |
# |
# |
|a 280 p.
|
| 650 |
0 |
0 |
|a Business --
|x Directories --
|z Malaysia
|
| 650 |
0 |
0 |
|a Doing business --
|x Directories --
|z Malaysia
|
| 651 |
0 |
0 |
|a Malaysia
|
| 999 |
|
|
|a 0000028053
|b Directories
|c Malaysia
|e Business Information Centre
|